|
|
|
|
| LEADER |
00000nam a2200000 a 4500 |
| 001 |
vtls008632715 |
| 003 |
SK-MaSNL |
| 005 |
20260302053421.0 |
| 008 |
220720s2005 xo dl f 100 0 slo |
| 015 |
|
|
|a SNBA2006/05-02632
|
| 020 |
|
|
|a 8089197426 (brož.)
|
| 035 |
|
|
|a 29fd366a-bef4-4a62-a1ac-23aec0955be2
|
| 035 |
|
|
|a urn:nbn:sk:snk-amjrpj
|
| 035 |
|
|
|a urn:nbn:sk:snk:ar-008xm3
|
| 040 |
|
|
|a SNK
|b slo
|c SNK
|e AACR2
|
| 041 |
0 |
|
|a slo
|b eng
|b ger
|b slo
|
| 044 |
|
|
|a xo
|c SK
|
| 072 |
|
7 |
|a 796
|x Šport. Hry. Telesné cvičenia
|2 konspekt
|
| 245 |
0 |
0 |
|a Zborník vedeckých prác Katedry hier FTVŠ UK
|b zborník vedeckých prác grantovej úlohy VEGA 1/1397/04
|n č. 4
|p Diagnostikovanie rýchlostných, rýchlostno-silových a rýchlostno-reakčných schopností v individuálnych a kolektívnych športových hrách
|c [zostavovateľ: Miroslav Holienka]
|
| 246 |
3 |
0 |
|a Diagnostikovanie rýchlostných, rýchlostno-silových a rýchlostno-reakčných schopností v individuálnych a kolektívnych športových hrách
|
| 250 |
|
|
|a 1. vyd.
|
| 260 |
|
|
|a V Bratislave
|b Občianske združenie Športové hry
|b Univerzita Komenského
|c 2005
|
| 300 |
|
|
|a 54 s.
|b grafy, tab.
|c 21 cm
|
| 504 |
|
|
|a Bibliogr. odkazy
|
| 546 |
|
|
|a Res. angl., nem., slov.
|
| 650 |
0 |
7 |
|a športové hry
|2 SNKPH
|9 3234
|
| 650 |
0 |
7 |
|a pohybové hry
|2 SNKPH
|9 3235
|
| 650 |
0 |
7 |
|a športový tréning
|2 SNKPH
|9 163263
|
| 655 |
|
7 |
|a zborníky konferencií
|2 SNKPH
|9 70153
|
| 655 |
|
7 |
|a issue_zb
|2 SNK
|9 276493
|
| 700 |
1 |
|
|a Holienka, Miroslav,
|d 1957-
|4 com
|9 85184
|
| 919 |
|
|
|a 80-89197-42-6
|
| 954 |
|
|
|a odborná, vedecká literatúra pôvodná (slovenská)
|2 lita
|
| 958 |
|
|
|a ART
|
| 958 |
|
|
|a OND
|
| 999 |
|
|
|c 1109316
|d 1111246
|
| 952 |
|
|
|a SNK
|b SNK
|y PREZ
|7 0
|p 17A0501932
|o snkSC 123300/4
|i snk2006/5890
|8 0
|0 0
|1 0
|4 0
|d 2006-03-20
|l 0
|r 2025-06-04 00:00:00
|w 2026-02-24
|
| 952 |
|
|
|a SNK
|b SNK
|y VYP
|7 0
|p 17A0501935
|o snkSC 123300/4 D1
|i snk2006/5891
|8 0
|0 0
|1 0
|4 0
|d 2006-03-20
|l 0
|r 2026-02-24 17:56:17
|w 2026-02-24
|